000
00268nam a22001217a 4500
041
_a
ENG
100
_a
Srivastava.R.C
245
_a
Non-Equlium Thermodynamics In Soil Physics
260
_a
New Delhi
_b
Oxford &IBH
_c
1973
300
_a
195
650
_a
48
856
_u
48
999
_c
3103
_d
3103